00536nam a2200181Ia 450000500170000000800410001704000190005804100120007708200170008924500610010625000450016726000450021230000110025750400320026865000140030070000290031485000110034320240312105425.0131103s9999 xx 000 0 und d aLoreto College aEnglish a371.92 bBAU aMental Retardation, b cEdited by Alfred A. Baumeister aappraisal, education and rehabilitation  aLondonbUniversity of london pressc1967 a419p.  aIncludes appendix and index aEducation aBaumeister, Alfred A; ed aLCLIB